00619nam a2200181 i 450000100060000000300090000600500170001500700030003200800410003510000470007624500660012325000150018926000440020430000280024885200200027699900170029695201240031371647ES-MaACL20230906171204.0t|040813s1839 fr ||||1| fre d1 aGerando, Joseph-Marie cBarón de.95639910aCours normal des instituteurs primaires / cBaron de Gerando. a3éme ed. aParís : b[s.n., c1839] (fRenouard) aVIII, 329 p. ; c17 cm. aES-MaACLjD-445 c71647d71647 001040708LIBXIXaATENEOMbATENEOMcSVId2008-01-17eSCl0oD-445p901075009r2023-02-23 00:00:00w2023-02-23yMONANT